|
|
|
|
| LEADER |
01762nam a22004214a 4500 |
| 001 |
EBC909318 |
| 003 |
MiAaPQ |
| 005 |
20200520144314.0 |
| 006 |
m o d | |
| 007 |
cr cn||||||||| |
| 008 |
050127s2005 nyu sb 001 0 eng |
| 010 |
|
|
|z 2005043232
|
| 020 |
|
|
|z 0231133081 (alk. paper)
|
| 035 |
|
|
|a (MiAaPQ)EBC909318
|
| 035 |
|
|
|a (Au-PeEL)EBL909318
|
| 035 |
|
|
|a (CaPaEBR)ebr10183428
|
| 035 |
|
|
|a (CaONFJC)MIL822387
|
| 035 |
|
|
|a (OCoLC)826476599
|
| 040 |
|
|
|a MiAaPQ
|c MiAaPQ
|d MiAaPQ
|
| 043 |
|
|
|a n-us-ny
|
| 050 |
|
4 |
|a HD6073.C62
|b U5365 2005
|
| 082 |
0 |
4 |
|a 331.4/887/097471
|2 22
|
| 100 |
1 |
|
|a Chin, Margaret May,
|d 1962-
|
| 245 |
1 |
0 |
|a Sewing women
|h [electronic resource] :
|b immigrants and the New York City garment industry /
|c Margaret M. Chin.
|
| 260 |
|
|
|a New York :
|b Columbia University Press,
|c c2005.
|
| 300 |
|
|
|a viii, 197 p.
|
| 490 |
1 |
|
|a Columbia comparative studies on ethnicity and race
|
| 502 |
|
|
|a Thesis (Ph.D.)--Columbia University, 1998.
|
| 504 |
|
|
|a Includes bibliographical references (p. [181]-186) and index.
|
| 533 |
|
|
|a Electronic reproduction. Ann Arbor, MI : ProQuest, 2015. Available via World Wide Web. Access may be limited to ProQuest affiliated libraries.
|
| 650 |
|
0 |
|a Women clothing workers
|z New York (State)
|z New York
|x History.
|
| 650 |
|
0 |
|a Clothing trade
|z New York (State)
|z New York
|x History.
|
| 650 |
|
0 |
|a Foreign workers, Asian
|z New York (State)
|z New York
|x History.
|
| 650 |
|
0 |
|a Foreign workers, Latin American
|z New York (State)
|z New York
|x History.
|
| 655 |
|
4 |
|a Electronic books.
|
| 710 |
2 |
|
|a ProQuest (Firm)
|
| 830 |
|
0 |
|a Columbia comparative studies on ethnicity and race.
|
| 856 |
4 |
0 |
|u https://ebookcentral.proquest.com/lib/matrademy/detail.action?docID=909318
|z Click to View
|